Исследование электрических параметров в процессах, проходящих под действием импульсного электрического разряда в слое металлических гранул; Перспективы развития фундаментальных наук; Т. 2

Dades bibliogràfiques
Parent link:Перспективы развития фундаментальных наук: труды VI Международной конференции студентов и молодых ученых, Томск, 26 - 29 мая 2009 г./ Томский политехнический университет (ТПУ) ; под ред. Г. А. Вороновой.— , 2009.— 978-5-98298-544-6
Т. 2.— 2009.— С. 758-760
Autor principal: Сапрыкин Ф. Е. Филипп Евгеньевич
Altres autors: Корнев Я. И. Яков Иванович (научный руководитель), Корнев Я. И.
Idioma:rus
Publicat: 2009
Matèries:
Format: Capítol de llibre
KOHA link:https://koha.lib.tpu.ru/cgi-bin/koha/opac-detail.pl?biblionumber=200715

MARC

LEADER 00000naa2a2200000 4500
001 200715
005 20231031184804.0
035 |a (RuTPU)RU\TPU\book\218796 
090 |a 200715 
100 |a 20110913d2009 k y0rusy50 ca 
101 0 |a rus 
102 |a RU 
200 1 |a Исследование электрических параметров в процессах, проходящих под действием импульсного электрического разряда в слое металлических гранул  |f Ф. Е. Сапрыкин, Я. И. Корнев  |g науч. рук. Я. И. Корнев 
320 |a Библиогр.: 4 назв. 
461 1 |0 (RuTPU)RU\TPU\book\209177  |y 978-5-98298-544-6  |t Перспективы развития фундаментальных наук   |o труды VI Международной конференции студентов и молодых ученых, Томск, 26 - 29 мая 2009 г.  |o в 2 т.  |f Томский политехнический университет (ТПУ) ; под ред. Г. А. Вороновой  |d 2009 
463 0 |0 (RuTPU)RU\TPU\book\208767  |y 978-5-98298-548-4  |t Т. 2  |v С. 758-760  |d 2009  |p 367 с. 
610 1 |a электрические разряды 
610 1 |a импульсные разряды 
610 1 |a электрические характеристики 
610 1 |a гранулы 
610 1 |a металлические гранулы 
610 1 |a труды учёных ТПУ 
700 1 |a Сапрыкин  |b Ф. Е.  |c специалист в области электроразрядных технологий  |c инженер-исследователь Томского политехнического университета  |g Филипп Евгеньевич  |2 stltpush  |3 (RuTPU)RU\TPU\pers\28103 
701 1 |a Корнев  |b Я. И.  |c российский учёный в области электротехники  |c старший научный сотрудник Томского политехнического университета  |g Яков Иванович  |2 stltpush  |3 (RuTPU)RU\TPU\pers\28099 
702 1 |a Корнев  |b Я. И.  |4 727 
801 1 |a RU  |b 63413507  |c 20110913 
801 2 |a RU  |b 63413507  |c 20111116  |g RCR 
942 |c BK